000 01723nam a2200253Ia 4500
001 19428
003 GE_BSU
008 181216s||||||||xx |||||||||||||| ||und||
040 _cGE_BSU
080 _a81'(063)
245 _aიბერიულ-კავკასიური ენათმეცნიერება XXI = иберийско-кавказкое языкознание=IVERO-CAUCASIA
245 _bეძღვნება საქართველოს სსრ მეცნიერებათა აკადემიის წევრ-კორესპოდენტს პროფესორ თინათინ სიმონის ასულ შარაძენიძეს დაბადების სამოცი წლის თავზე.
245 _cსარედ;კოლ;პ.გაჩეჩილაძე,ივ.გიგინეიშვილი და სხვ;ტომის რედ:ქ.ლომთათიძე
260 _aთბილისი
260 _bმეცნიერება
260 _c1979
300 _a257გვ;26სმ
300 _b1ფ პორტრეტი
541 _h4ლ.20თ.
653 _aენათმეცნიერება
653 _aტომში გამოქვეყნებულია თანამედროვე ზოგადი ენათმეცნიერების,იბერიულ-კავკასიური ენების ფონეტიკის,გრამატიკული სტრუქტურისა და ლექსიკის საკითხები.
653 _aქართული ენა
942 _cBK
999 _c52408
_d52408